Score 0/25 Timer 07:00
10 Plays Today
% Correct
Oprah Winfrey
93.3%
Morgan Freeman
89.8%
Lady Gaga
88.7%
Taylor Swift
87.2%
Tiger Woods
82.7%
Paul McCartney
82.5%
David Beckham
81.6%
Donald Trump
81.2%
Tina Fey
80.4%
George Clooney
79.4%
Justin Timberlake
78.8%
Jimmy Fallon
77.7%
Serena Williams
76.8%
% Correct
Selena Gomez
76.8%
Nicolas Cage
76.5%
Jay-Z
73.2%
Mark Wahlberg
69.7%
Chris Rock
62.4%
Jackie Chan
61.8%
James Franco
61.5%
Kate Winslet
59.4%
Martha Stewart
58.1%
Jennifer Lawrence
57.3%
Natalie Portman
52.7%
Ryan Seacrest
50%
Remove Ads.
Support Sporcle.
Get the best of Sporcle when you Go Orange. This ad-free experience offers more features, more stats, and more fun while also helping to support Sporcle. Thank you for becoming a member.

You're not logged in!

Compare scores with friends on all Sporcle quizzes.
OR
Log In

Show Comments

Extras

Top Quizzes Today


Score Distribution

Your Account Isn't Verified!

In order to create a playlist on Sporcle, you need to verify the email address you used during registration. Go to your Sporcle Settings to finish the process.

Report this User

Report this user for behavior that violates our Community Guidelines.

Details: